|
|
|
|
| LEADER |
00000caa a22000002c 4500 |
| 001 |
1912573741 |
| 003 |
DE-627 |
| 005 |
20250128055000.0 |
| 007 |
tu |
| 008 |
241217s1986 xx ||||| 00| ||eng c |
| 035 |
|
|
|a (DE-627)1912573741
|
| 035 |
|
|
|a (DE-599)KXP1912573741
|
| 040 |
|
|
|a DE-627
|b ger
|c DE-627
|e rda
|
| 041 |
|
|
|a eng
|
| 084 |
|
|
|a 2,1
|2 ssgn
|
| 100 |
1 |
|
|a Diamond, Greg
|e VerfasserIn
|4 aut
|
| 245 |
1 |
0 |
|a High school seniors and the nuclear threat, 1975-1984: Political and mental health implications of concern and despair
|
| 264 |
|
1 |
|c 1986
|
| 336 |
|
|
|a Text
|b txt
|2 rdacontent
|
| 337 |
|
|
|a ohne Hilfsmittel zu benutzen
|b n
|2 rdamedia
|
| 338 |
|
|
|a Band
|b nc
|2 rdacarrier
|
| 700 |
1 |
|
|a Bachman, Jerald G.
|d 1936-
|e VerfasserIn
|0 (DE-588)1048395162
|0 (DE-627)780303903
|0 (DE-576)160136520
|4 aut
|
| 773 |
0 |
8 |
|i Enthalten in
|t International journal of mental health
|d Philadelphia, Pa. : Routledge, Taylor & Francis Group, 1972
|g 15(1986), 1-3, Seite 210-241
|w (DE-627)166432695
|w (DE-600)189392-0
|w (DE-576)01479408X
|x 0020-7411
|7 nnas
|
| 773 |
1 |
8 |
|g volume:15
|g year:1986
|g number:1-3
|g pages:210-241
|
| 787 |
0 |
8 |
|i Forschungsdaten
|a Johnston, Lloyd D.
|t Monitoring the Future: A Continuing Study of the Lifestyles and Values of Youth, 1984
|d [Erscheinungsort nicht ermittelbar] : [Verlag nicht ermittelbar], 1985
|w (DE-627)1840060034
|
| 787 |
0 |
8 |
|i Forschungsdaten
|a Johnston, Lloyd D.
|t Monitoring the Future: A Continuing Study of the Lifestyles and Values of Youth, 1983
|d [Erscheinungsort nicht ermittelbar] : [Verlag nicht ermittelbar], 1985
|w (DE-627)1840060042
|
| 787 |
0 |
8 |
|i Forschungsdaten
|a Bachman, Jerald G.
|t Monitoring the Future: A Continuing Study of the Lifestyles and Values of Youth, 1982
|d [Erscheinungsort nicht ermittelbar] : [Verlag nicht ermittelbar], 1984
|w (DE-627)1840057254
|
| 787 |
0 |
8 |
|i Forschungsdaten
|a Johnston, Lloyd D.
|t Monitoring the Future: A Continuing Study of the Lifestyles and Values of Youth, 1981
|d [Erscheinungsort nicht ermittelbar] : [Verlag nicht ermittelbar], 1984
|w (DE-627)1840057300
|
| 787 |
0 |
8 |
|i Forschungsdaten
|a Bachman, Jerald G.
|t Monitoring the Future: A Continuing Study of the Lifestyles and Values of Youth, 1980
|d [Erscheinungsort nicht ermittelbar] : [Verlag nicht ermittelbar], 1984
|w (DE-627)1840061022
|
| 787 |
0 |
8 |
|i Forschungsdaten
|a Johnston, Lloyd D.
|t Monitoring the Future: A Continuing Study of the Lifestyles and Values of Youth, 1979
|d [Erscheinungsort nicht ermittelbar] : [Verlag nicht ermittelbar], 1984
|w (DE-627)1840057289
|
| 787 |
0 |
8 |
|i Forschungsdaten
|a Bachman, Jerald G.
|t Monitoring the Future: A Continuing Study of the Lifestyles and Values of Youth, 1978
|d [Erscheinungsort nicht ermittelbar] : [Verlag nicht ermittelbar], 1984
|w (DE-627)1840057297
|
| 787 |
0 |
8 |
|i Forschungsdaten
|a Johnston, Lloyd D.
|t Monitoring the Future: A Continuing Study of the Lifestyles and Values of Youth, 1977
|d [Erscheinungsort nicht ermittelbar] : [Verlag nicht ermittelbar], 1984
|w (DE-627)1840057319
|
| 787 |
0 |
8 |
|i Forschungsdaten
|a Bachman, Jerald G.
|t Monitoring the Future: A Continuing Study of the Lifestyles and Values of Youth, 1976
|d [Erscheinungsort nicht ermittelbar] : [Verlag nicht ermittelbar], 1984
|w (DE-627)1840057327
|
| 935 |
|
|
|a mkri
|
| 951 |
|
|
|a AR
|
| ELC |
|
|
|b 1
|
| LOK |
|
|
|0 000 xxxxxcx a22 zn 4500
|
| LOK |
|
|
|0 001 4637539242
|
| LOK |
|
|
|0 003 DE-627
|
| LOK |
|
|
|0 004 1912573741
|
| LOK |
|
|
|0 005 20241217044532
|
| LOK |
|
|
|0 008 241217||||||||||||||||ger|||||||
|
| LOK |
|
|
|0 035
|a (DE-2619)ICPSR8452
|
| LOK |
|
|
|0 040
|a DE-2619
|c DE-627
|d DE-2619
|
| LOK |
|
|
|0 092
|o n
|
| LOK |
|
|
|0 852
|a DE-2619
|
| LOK |
|
|
|0 852 1
|9 00
|
| LOK |
|
|
|0 935
|a nacp
|
| LOK |
|
|
|0 939
|a 17-12-24
|b l01
|
| ORI |
|
|
|a SA-MARC-krimdoka001.raw
|